| 000 | 00429nam a22001457a 4500 | ||
|---|---|---|---|
| 999 |
_c527201 _d527201 |
||
| 020 | _a978-93-8631-400-0 | ||
| 040 | _cNUST | ||
| 082 |
_a620.0068 _bSHA |
||
| 100 |
_aSharma, Shivsharan _918341 |
||
| 245 |
_aCivil engineering construction design and management / _cShivsharan Sharma. |
||
| 260 |
_aNew Delhi : _bRandom Publications, _c2019. |
||
| 300 |
_aill, 264 p. ; _c22 cm. |
||
| 500 | _aIncludes Indexes. | ||
| 942 |
_2ddc _cBK |
||